Podnikateľská etika

Guardado en:
Detalles Bibliográficos
Autor principal: Gajdoš, Jozef, 1962-2025
Otros Autores: Bosáková, Mária
Formato: Capítulo de libro
Lenguaje:eslovaco
Etiquetas: Agregar Etiqueta
Sin Etiquetas, Sea el primero en etiquetar este registro!

MARC

LEADER 00000naa$a2200000$$$4500
001 0177129
005 20240502073022.8
041 0 |a slo 
044 |a SK 
245 1 0 |a Podnikateľská etika  |c Jozef Gajdoš, Mária Bosáková 
100 1 |a Gajdoš, Jozef, 1962-2025 
700 1 |a Bosáková, Mária